000 00299nam a22001217a 4500
008 170519b xxu||||| |||| 00| 0 eng d
041 _aeng
080 _a94(5)
100 _a16
101 _aSHH
245 _aTHE SAUDI-EGYPTIAN CONFLICT, OVER NORTH YEMEN, 1962-1970
_cBADEEB, S.M
942 _2udc
_cBK
999 _c13478
_d13478